000 00291nam a22001337a 4500
008 181105b xxu||||| |||| 00| 0 eng d
020 _a9780321842701
041 _aeng
080 _a371
100 _a46
101 _aEDU
245 _aCollege Orientation
_cBendersky,K
942 _2udc
_cBK
999 _c51840
_d51840